[Event "Western Canadian op"]
[Site "Richmond CAN"]
[Date "2004.07.14"]
[Round "6.18"]
[White "Lau, Robert"]
[Black "Salcedo, Daniel"]
[Result "1-0"]
[WhiteElo "1980"]
[BlackElo "2038"]
[PlyCount "63"]
[GameId "2160767911095613"]
[EventDate "2004.07.09"]
[EventType "swiss"]
[EventRounds "10"]
[EventCountry "CAN"]

1. e4 c5 2. Nf3 d6 3. d4 cxd4 4. Nxd4 Nf6 5. Nc3 g6 6. Be3 Bg7 7. f3 O-O 8. Bc4 Nc6 9. Bb3 Bd7 10. Qd2 Rc8 11. h4 Ne5 12. O-O-O Nc4 13. Bxc4 Rxc4 14. h5 b5 15. hxg6 fxg6 16. Nd5 Nxd5 17. exd5 Qc8 18. Kb1 Bf5 19. Rc1 Qb7 20. Ne6 Rfc8 21. Nxg7 Kxg7 22. Bd4+ Kg8 23. Qh6 e5 24. Be3 Rxc2 25. Rxc2 Rxc2 26. Qh4 g5 27. Bxg5 Qxd5 28. Bh6 Be6 29. Qd8+ Kf7 30. Qf8+ Kg6 31. Qg7+ Kf5 32. Rh5# 1-0

[Event "Western Canadian op"]
[Site "Richmond CAN"]
[Date "2004.07.14"]
[Round "6.19"]
[White "Wang, Yamei"]
[Black "Goutor, Valentina"]
[Result "1/2-1/2"]
[WhiteElo "2000"]
[BlackElo "1999"]
[PlyCount "62"]
[GameId "2160767911095614"]
[EventDate "2004.07.09"]
[EventType "swiss"]
[EventRounds "10"]
[EventCountry "CAN"]

1. e4 c5 2. Nf3 d6 3. c3 Nf6 4. Bd3 g6 5. Bc2 Bg7 6. h3 O-O 7. O-O Nc6 8. Re1 b5 9. d4 Nd7 10. Be3 a5 11. dxc5 Nxc5 12. Qd5 Qb6 13. Nd4 Nxd4 14. Bxd4 Bb7 15. Bxc5 dxc5 16. Qg5 Qc7 17. Nd2 b4 18. Qe3 a4 19. a3 bxc3 20. bxc3 Qa5 21. e5 Bd5 22. Rab1 Rab8 23. c4 Be6 24. Ne4 Bxc4 25. Nxc5 Rxb1 26. Rxb1 Rc8 27. Nxa4 Qxe5 28. Qxe5 Bxe5 29. Nb6 Rc7 30. Nxc4 Rxc4 31. Bb3 Rc5 1/2-1/2

[Event "Western Canadian op"]
[Site "Richmond CAN"]
[Date "2004.07.14"]
[Round "6.20"]
[White "Lane, Travis"]
[Black "Allan, Denis"]
[Result "1/2-1/2"]
[WhiteElo "1895"]
[BlackElo "2381"]
[PlyCount "41"]
[GameId "2160767911095615"]
[EventDate "2004.07.09"]
[EventType "swiss"]
[EventRounds "10"]
[EventCountry "CAN"]

1. e4 e5 2. Nf3 Nc6 3. Bb5 Nge7 4. d4 exd4 5. O-O d5 6. Qxd4 Bg4 7. Ne5 Bd7 8. Bxc6 Bxc6 9. Re1 dxe4 10. Nxc6 Nxc6 11. Qxe4+ Be7 12. Nc3 O-O 13. Bf4 Bb4 14. Rad1 Qc8 15. Re3 Bxc3 16. Rxc3 Re8 17. Qf3 Qe6 18. h4 Qf6 19. Qg4 Re4 20. g3 Rd4 21. Rxd4 1/2-1/2

[Event "Western Canadian op"]
[Site "Richmond CAN"]
[Date "2004.07.14"]
[Round "6.22"]
[White "Obers, Frits"]
[Black "Sum, Peter"]
[Result "1-0"]
[WhiteElo "2096"]
[BlackElo "1791"]
[PlyCount "67"]
[GameId "2160767911095616"]
[EventDate "2004.07.09"]
[EventType "swiss"]
[EventRounds "10"]
[EventCountry "CAN"]

1. d4 Nf6 2. c4 g6 3. Nc3 Bg7 4. e4 d6 5. f4 O-O 6. Nf3 c5 7. d5 e6 8. Be2 exd5 9. cxd5 Bg4 10. O-O Bxf3 11. Bxf3 Qa5 12. Be3 Nbd7 13. Re1 Rfe8 14. g4 h6 15. h4 h5 16. g5 Ng4 17. Bxg4 hxg4 18. Qxg4 Bxc3 19. bxc3 Rad8 20. Bd2 c4 21. h5 Kg7 22. Kg2 Qa3 23. hxg6 fxg6 24. Qh3 Rh8 25. Qe3 Qc5 26. Qe2 Qc8 27. Be3 Ne5 28. Rh1 Nd3 29. Bd4+ Kf7 30. Kg3 Rhf8 31. Rh7+ Ke8 32. Rah1 Nxf4 33. Qd1 Nh5+ 34. R1xh5 1-0

[Event "Western Canadian op"]
[Site "Richmond CAN"]
[Date "2004.07.14"]
[Round "6.23"]
[White "Jiang, Louie"]
[Black "Yousefzadeh, Mehrdad"]
[Result "1/2-1/2"]
[WhiteElo "1737"]
[BlackElo "2024"]
[PlyCount "152"]
[GameId "2160767911095617"]
[EventDate "2004.07.09"]
[EventType "swiss"]
[EventRounds "10"]
[EventCountry "CAN"]

1. e4 Nf6 2. e5 Nd5 3. d4 d6 4. c4 Nb6 5. exd6 exd6 6. Nc3 Be7 7. Be3 O-O 8. Be2 Re8 9. Nf3 Bf5 10. O-O Bf6 11. Rc1 Nc6 12. b3 Qe7 13. Re1 Rad8 14. h3 h6 15. Bd3 Qd7 16. Bxf5 Qxf5 17. Qd2 Re7 18. Ne2 d5 19. c5 Nd7 20. Ng3 Qg6 21. b4 Rde8 22. Ne2 Nd8 23. Nf4 Qf5 24. b5 c6 25. Qa5 cxb5 26. Qxa7 Nc6 27. Qxb7 Nde5 28. Qa6 Nxf3+ 29. gxf3 Nxd4 30. Kg2 g5 31. Red1 gxf4 32. Bxd4 Bxd4 33. Rxd4 Qg5+ 34. Kh2 Re1 35. Rxe1 Rxe1 36. Qc8+ Kg7 37. Qg4 Re2 38. Kg2 Rxa2 39. Rxd5 Qxg4+ 40. fxg4 b4 41. c6 Rc2 42. Rb5 Rc4 43. c7 Kg6 44. Rxb4 Rxc7 45. Rxf4 Kg5 46. Rf5+ Kg6 47. h4 Rc4 48. Kg3 Rc1 49. h5+ Kg7 50. Rf3 Rc4 51. Re3 Kf6 52. f4 Rc1 53. Kh4 Rh1+ 54. Rh3 Rg1 55. Rh2 Rf1 56. g5+ hxg5+ 57. fxg5+ Kf5 58. h6 Kg6 59. Kg4 Kh7 60. Rh3 Rf2 61. Rf3 Rg2+ 62. Kf5 Rg1 63. Kf6 Rg2 64. Rf5 Kg8 65. h7+ Kxh7 66. Kxf7 Ra2 67. Re5 Ra7+ 68. Kf6 Rg7 69. Re8 Rf7+ 70. Ke6 Kg7 71. Ke5 Rf1 72. Rc8 Re1+ 73. Kf5 Rf1+ 74. Ke5 Re1+ 75. Kf5 Rf1+ 76. Ke5 Re1+ 1/2-1/2

[Event "Western Canadian op"]
[Site "Richmond CAN"]
[Date "2004.07.14"]
[Round "6.25"]
[White "Chan, James"]
[Black "Krzyzowski, Ernest"]
[Result "1-0"]
[WhiteElo "1944"]
[BlackElo "1741"]
[PlyCount "83"]
[GameId "2160767911095618"]
[EventDate "2004.07.09"]
[EventType "swiss"]
[EventRounds "10"]
[EventCountry "CAN"]

1. e4 Nf6 2. e5 Nd5 3. c4 Nb6 4. d4 d6 5. exd6 cxd6 6. Nc3 g6 7. Be3 Bg7 8. Rc1 O-O 9. b3 Bf5 10. Nge2 Nc6 11. Ng3 Bd7 12. Be2 e5 13. d5 Ne7 14. O-O f5 15. f4 e4 16. a4 a6 17. a5 Nbc8 18. b4 Kf7 19. Bd4 Ng8 20. c5 Bxd4+ 21. Qxd4 Qf6 22. Rfd1 h5 23. Nf1 Qxd4+ 24. Rxd4 Nf6 25. h3 Rh8 26. Ne3 Rd8 27. Nc4 Be8 28. Bd1 Ke7 29. Bb3 Kf8 30. Rcd1 Ke7 31. Ba4 Bxa4 32. Nxa4 Rb8 33. Kf2 h4 34. Nab6 Nxb6 35. axb6 Ne8 36. Na5 Rdc8 37. c6 bxc6 38. b7 Rc7 39. Nxc6+ Rxc6 40. dxc6 Kd8 41. Ra1 Kc7 42. Rxa6 1-0

[Event "Western Canadian op"]
[Site "Richmond CAN"]
[Date "2004.07.14"]
[Round "6.27"]
[White "Raymer, Evan"]
[Black "Daswani, Benedict"]
[Result "0-1"]
[WhiteElo "1576"]
[BlackElo "1854"]
[PlyCount "64"]
[GameId "2160767911095619"]
[EventDate "2004.07.09"]
[EventType "swiss"]
[EventRounds "10"]
[EventCountry "CAN"]

1. e4 g6 2. d4 d6 3. Nc3 Bg7 4. f3 a6 5. Be3 b5 6. a3 Nd7 7. Qd2 Ngf6 8. Bh6 O-O 9. Bxg7 Kxg7 10. Nge2 c5 11. d5 Qa5 12. g4 Ne5 13. Kf2 b4 14. Na2 Bxg4 15. Bg2 Bh5 16. axb4 Qb6 17. bxc5 dxc5 18. Qc3 Qc7 19. h3 g5 20. Nb4 a5 21. Nd3 Nxd3+ 22. cxd3 Bg6 23. Rhc1 Rfc8 24. d4 h5 25. Qxc5 Qd7 26. Qb6 g4 27. Rxc8 Rxc8 28. Rxa5 gxf3 29. e5 Ne4+ 30. Kxf3 Qf5+ 31. Nf4 Nd2+ 32. Ke3 Nc4+ 0-1

[Event "Western Canadian op"]
[Site "Richmond CAN"]
[Date "2004.07.14"]
[Round "6.31"]
[White "Reid, Richard"]
[Black "Harper, Jamie"]
[Result "1/2-1/2"]
[WhiteElo "1767"]
[BlackElo "1598"]
[PlyCount "80"]
[GameId "2160767911095620"]
[EventDate "2004.07.09"]
[EventType "swiss"]
[EventRounds "10"]
[EventCountry "CAN"]

1. d4 Nf6 2. c4 e6 3. Nf3 Be7 4. Nc3 O-O 5. Bg5 c5 6. e3 d6 7. Be2 Nc6 8. O-O Qc7 9. d5 Ne5 10. Nxe5 dxe5 11. Bxf6 Bxf6 12. Bf3 a6 13. dxe6 fxe6 14. Be4 Bd7 15. Qc2 g6 16. Rad1 Rad8 17. Rd2 Bc8 18. Rfd1 Rxd2 19. Rxd2 Rd8 20. Qd1 Rd7 21. Rxd7 Bxd7 22. Qf3 Kg7 23. Qd1 b5 24. Qd3 b4 25. Nd1 Bc6 26. Bxc6 Qxc6 27. e4 Qc7 28. g3 Kf7 29. Qd2 Qc6 30. f3 Kg7 31. b3 h6 32. Kf2 Bg5 33. Qd3 Be7 34. Ke2 Qd6 35. Qxd6 Bxd6 36. Nf2 Kf7 37. Ke3 g5 38. Nd3 Kf6 39. Nf2 Kf7 40. h3 Kg7 1/2-1/2

[Event "Western Canadian op"]
[Site "Richmond CAN"]
[Date "2004.07.14"]
[Round "6.32"]
[White "Strazhnik, Mikhail"]
[Black "McCusky, Louis"]
[Result "1-0"]
[WhiteElo "1749"]
[BlackElo "1583"]
[PlyCount "97"]
[GameId "2160767911095621"]
[EventDate "2004.07.09"]
[EventType "swiss"]
[EventRounds "10"]
[EventCountry "CAN"]

1. e4 g6 2. d4 Bg7 3. f4 e6 4. Nf3 d6 5. Bd3 Nd7 6. O-O Ne7 7. Nc3 a6 8. Qe1 c5 9. Be3 Qc7 10. Qg3 c4 11. Be2 b5 12. Nh4 b4 13. Nd1 d5 14. e5 f5 15. c3 a5 16. Nf3 Qd8 17. Bd2 Rb8 18. Nf2 Ng8 19. Ng5 Nf8 20. h4 h5 21. Rfb1 Bh6 22. Nfh3 Bxg5 23. fxg5 Bd7 24. Qe1 Qe7 25. Bd1 Kf7 26. Nf4 Be8 27. Qg3 Kg7 28. b3 Qa7 29. Qe3 Ne7 30. bxc4 dxc4 31. cxb4 a4 32. a3 Nd7 33. Nxe6+ Kh7 34. Nf4 Nb6 35. Bf3 Bc6 36. Bxc6 Nxc6 37. d5 Nxe5 38. Qxe5 Nxd5+ 39. Kh1 Nxf4 40. Qxf4 Rhe8 41. Re1 Red8 42. Rad1 Rd4 43. Qf2 Qd7 44. Re7+ Qxe7 45. Qxd4 Qc7 46. Bc3 Re8 47. Qd7+ Re7 48. Qd8 Re1+ 49. Bxe1 1-0

[Event "Western Canadian op"]
[Site "Richmond CAN"]
[Date "2004.07.14"]
[Round "6.39"]
[White "Jung, William"]
[Black "Churchill, Sam"]
[Result "0-1"]
[WhiteElo "1667"]
[BlackElo "1477"]
[PlyCount "104"]
[GameId "2160767911095623"]
[EventDate "2004.07.09"]
[EventType "swiss"]
[EventRounds "10"]
[EventCountry "CAN"]

1. e4 Nf6 2. Nc3 d5 3. exd5 Nxd5 4. Nge2 Nc6 5. Nxd5 Qxd5 6. Nc3 Qd8 7. Bb5 Bd7 8. O-O g6 9. b3 Bg7 10. Bb2 O-O 11. Re1 Nd4 12. Bxd7 Qxd7 13. Rb1 Rad8 14. d3 e6 15. a4 Qc6 16. Ne2 Qxc2 17. Qxc2 Nxc2 18. Rec1 Nb4 19. Bxg7 Kxg7 20. Rxc7 Rb8 21. Nf4 Kf6 22. d4 Rfd8 23. Ne2 Nd5 24. Rc5 Rd7 25. Rbc1 Rbd8 26. a5 Ne7 27. g4 h6 28. h4 a6 29. g5+ Kg7 30. Rc7 Nc6 31. Rxd7 Rxd7 32. Kf1 Nxa5 33. Rc3 Nc6 34. f4 hxg5 35. hxg5 f6 36. gxf6+ Kxf6 37. Kf2 Ne7 38. Rd3 Nf5 39. Kf3 Rh7 40. Kf2 Rd7 41. Kf1 a5 42. Kf2 b5 43. Ke1 a4 44. bxa4 bxa4 45. Kd1 Ra7 46. Ra3 Nd6 47. Kc1 Nc4 48. Ra2 Kf5 49. Kc2 Ne3+ 50. Kd2 Nd5 51. Ra3 Ke4 52. Nc3+ Nxc3 0-1

[Event "Western Canadian op"]
[Site "Richmond CAN"]
[Date "2004.07.14"]
[Round "6.40"]
[White "Sohal, Tanraj"]
[Black "Heppenstall, Lara"]
[Result "1/2-1/2"]
[WhiteElo "1252"]
[BlackElo "1591"]
[PlyCount "119"]
[GameId "2160767911095624"]
[EventDate "2004.07.09"]
[EventType "swiss"]
[EventRounds "10"]
[EventCountry "CAN"]

1. e4 g6 2. d4 d6 3. Nf3 Bg7 4. Nc3 Nf6 5. Be3 O-O 6. Qd2 Nc6 7. O-O-O Bg4 8. Be2 e5 9. d5 Ne7 10. h3 Bxf3 11. Bxf3 Nd7 12. h4 f5 13. h5 f4 14. hxg6 Nxg6 15. Bg4 fxe3 16. Qxe3 Bf6 17. Qh3 Bg5+ 18. Kb1 h6 19. Bxd7 Kg7 20. Bf5 Ne7 21. Ne2 Nxf5 22. exf5 Qf6 23. Ng3 Kg8 24. Qg4 Rf7 25. Rh5 Kf8 26. Qc4 Re8 27. Qb5 b6 28. Qa6 e4 29. Qxa7 e3 30. Re1 Ree7 31. f3 c5 32. Qxb6 Rb7 33. Ne4 Rxb6 34. Nxf6 Rxf6 35. g3 Rxf5 36. f4 Rxd5 37. fxg5 e2 38. Rhh1 Rxg5 39. Rxe2 Rxg3 40. b3 d5 41. Re5 Rg5 42. Rf1+ Kg7 43. Re7+ Kg6 44. Rff7 Rf6 45. Rxf6+ Kxf6 46. Rc7 d4 47. a4 h5 48. a5 Ke6 49. a6 Kd6 50. Rc8 Rg7 51. Rh8 Kc6 52. Rxh5 Ra7 53. Rh6+ Kb5 54. Kb2 Rxa6 55. Rxa6 Kxa6 56. Kc1 Kb5 57. Kd2 c4 58. bxc4+ Kxc4 59. Kc1 Kc3 60. Kb1 1/2-1/2

[Event "Western Canadian op"]
[Site "Richmond CAN"]
[Date "2004.07.14"]
[Round "6.42"]
[White "Beauchamp, Richard"]
[Black "Cameanii, Valerii"]
[Result "1/2-1/2"]
[WhiteElo "997"]
[BlackElo "1717"]
[PlyCount "114"]
[GameId "2160767911095625"]
[EventDate "2004.07.09"]
[EventType "swiss"]
[EventRounds "10"]
[EventCountry "CAN"]

1. d4 d5 2. c4 e5 3. dxe5 d4 4. e3 Bb4+ 5. Bd2 dxe3 6. fxe3 Nc6 7. Nf3 Be6 8. Be2 Qd7 9. O-O Bc5 10. Ng5 Nxe5 11. Nxe6 Qxe6 12. Qb3 O-O-O 13. Kh1 Nf6 14. Bc3 Neg4 15. Bf3 c6 16. e4 Ne5 17. Bxe5 Qxe5 18. Nc3 Rd3 19. Rad1 Rhd8 20. Rxd3 Rxd3 21. Qc2 Qd4 22. Rd1 Rxd1+ 23. Qxd1 Qxc4 24. e5 Ne8 25. h3 f5 26. exf6 Nxf6 27. Qe1 Kc7 28. b3 Qd4 29. Na4 Bb4 30. Qg3+ Qd6 31. Qxg7+ Qe7 32. Qg3+ Bd6 33. Qf2 Kb8 34. g3 Nd7 35. Kg2 Qf6 36. Qd2 Ne5 37. Be2 Qe7 38. Nb2 Bb4 39. Qf4 Bd6 40. Qd2 Qc7 41. Qg5 b5 42. Nd3 h6 43. Qg8+ Kb7 44. Nxe5 Bxe5 45. Bd3 Qd6 46. Qg6 Kb6 47. Qxd6 Bxd6 48. Kf3 Kc5 49. Bf5 Kb4 50. g4 Be7 51. Kg3 Ka3 52. Bd7 Kxa2 53. Bxc6 b4 54. Bd5 a5 55. h4 Ka3 56. g5 hxg5 57. hxg5 Bxg5 1/2-1/2

[Event "Western Canadian op"]
[Site "Richmond CAN"]
[Date "2004.07.14"]
[Round "6.43"]
[White "Paulson, Stewart"]
[Black "Reid, Brianna"]
[Result "0-1"]
[WhiteElo "1567"]
[BlackElo "1093"]
[PlyCount "98"]
[GameId "2160767911095626"]
[EventDate "2004.07.09"]
[EventType "swiss"]
[EventRounds "10"]
[EventCountry "CAN"]

1. d4 Nf6 2. Nf3 e6 3. Bg5 d5 4. e3 c5 5. c3 Be7 6. Bd3 O-O 7. Nbd2 Nc6 8. Ne5 Nxe5 9. dxe5 Nd7 10. Bf4 b6 11. h4 Bb7 12. Nf3 Qc7 13. g4 Qc6 14. h5 d4 15. Bxh7+ Kxh7 16. Rh3 Rh8 17. g5 Kg8 18. Kd2 dxe3+ 19. fxe3 Qd5+ 20. Kc1 Qxd1+ 21. Kxd1 Bxf3+ 22. Rxf3 Rxh5 23. Ke2 Bxg5 24. Bg3 Bh4 25. Bf4 Nxe5 26. Bxe5 Rxe5 27. Rg1 Rd8 28. Rh3 Bf6 29. Rgh1 g6 30. Rf3 Rf5 31. Rfh3 Kf8 32. e4 Rg5 33. Ke3 Rg2 34. Rf1 Bg5+ 35. Kf3 Rdd2 36. Rg3 Rxg3+ 37. Kxg3 Rxb2 38. Kg4 Bd2 39. Rf2 Bxc3 40. Rf3 Be5 41. a3 Ra2 42. Kg5 c4 43. Rh3 c3 44. a4 c2 45. Rh1 Rxa4 46. Kh6 Rxe4 47. Kh7 c1=Q 48. Rh6 Qxh6+ 49. Kxh6 b5 0-1

[Event "Western Canadian op"]
[Site "Richmond CAN"]
[Date "2004.07.15"]
[Round "7"]
[White "Jose, Marionito"]
[Black "Davies, Noam"]
[Result "0-1"]
[WhiteElo "1647"]
[BlackElo "1898"]
[PlyCount "64"]
[GameId "2160767911095627"]
[EventDate "2004.07.09"]
[EventType "swiss"]
[EventRounds "10"]
[EventCountry "CAN"]
[SourceTitle "CBM 101 ext"]
[Source "ChessBase"]
[SourceDate "2004.09.01"]
[SourceVersion "2"]
[SourceVersionDate "2004.09.23"]
[SourceQuality "1"]

1. e4 c5 2. Nc3 Nc6 3. f4 d6 4. Nf3 g6 5. Bc4 Bg7 6. d3 e6 7. f5 exf5 8. O-O Nge7 9. Qe1 O-O 10. Qh4 h5 11. Bg5 Re8 12. exf5 Bxf5 13. Nd5 Qd7 14. Nf6+ Bxf6 15. Bxf6 Be6 16. Bxe6 Qxe6 17. Rae1 Qd7 18. Bc3 Nd5 19. Bd2 Rxe1 20. Rxe1 Re8 21. Rxe8+ Qxe8 22. c4 Ndb4 23. Kf1 Nxd3 24. Bc3 Qe3 25. Ng5 Nf4 26. Qf2 Qd3+ 27. Kg1 Qxc4 28. Kh1 Ne5 29. h4 f6 30. Nf3 Ng4 31. Qe1 Qe2 32. Qxe2 Nxe2 0-1

[Event "Western Canadian op"]
[Site "Richmond CAN"]
[Date "2004.07.15"]
[Round "7"]
[White "Palmer, Jordan"]
[Black "Bouvier, Jesse"]
[Result "0-1"]
[WhiteElo "1915"]
[BlackElo "2196"]
[PlyCount "76"]
[GameId "2160767911095629"]
[EventDate "2004.07.09"]
[EventType "swiss"]
[EventRounds "10"]
[EventCountry "CAN"]
[SourceTitle "CBM 101 ext"]
[Source "ChessBase"]
[SourceDate "2004.09.01"]
[SourceVersion "2"]
[SourceVersionDate "2004.09.23"]
[SourceQuality "1"]

1. Nf3 d5 2. e3 g6 3. d4 Bg7 4. c4 Nf6 5. Nc3 O-O 6. Bd3 a6 7. O-O dxc4 8. Bxc4 c5 9. dxc5 Qa5 10. Qe2 Qxc5 11. e4 Bg4 12. Be3 Qh5 13. h3 Bxf3 14. Qxf3 Qxf3 15. gxf3 b5 16. Bb3 Nc6 17. Rac1 Ne5 18. f4 Nd3 19. Rc2 Nh5 20. Nd5 e6 21. Nc7 Rad8 22. Nxa6 Nhxf4 23. Nc7 Rb8 24. Na6 Rbc8 25. Nc7 Nb4 26. Rd2 Nxh3+ 27. Kg2 Rxc7 28. Kxh3 Rfc8 29. Rd6 Nc2 30. Bf4 Rc5 31. Rfd1 Bxb2 32. Kg4 h5+ 33. Kf3 Nb4 34. Be3 R5c6 35. Rd7 R6c7 36. R7d6 Nc6 37. Bf4 Be5 38. Rxc6 Bxf4 0-1

[Event "Western Canadian op"]
[Site "Richmond CAN"]
[Date "2004.07.15"]
[Round "7.1"]
[White "Bellon Lopez, Juan Manuel"]
[Black "Cramling, Pia"]
[Result "1/2-1/2"]
[WhiteElo "2447"]
[BlackElo "2485"]
[PlyCount "28"]
[GameId "2160767911095630"]
[EventDate "2004.07.09"]
[EventType "swiss"]
[EventRounds "10"]
[EventCountry "CAN"]

1. c4 c5 2. Nc3 Nf6 3. e3 e6 4. Nf3 d5 5. d4 Nc6 6. a3 a6 7. dxc5 Bxc5 8. b4 Ba7 9. Bb2 O-O 10. Qc2 Qe7 11. Rd1 Rd8 12. Be2 dxc4 13. Rxd8+ Nxd8 14. Bxc4 Bd7 1/2-1/2

[Event "Western Canadian op"]
[Site "Richmond CAN"]
[Date "2004.07.15"]
[Round "7.2"]
[White "Lee, Vicente jr."]
[Black "Welling, Gerard"]
[Result "1/2-1/2"]
[WhiteElo "2326"]
[BlackElo "2361"]
[PlyCount "25"]
[GameId "2160767911095631"]
[EventDate "2004.07.09"]
[EventType "swiss"]
[EventRounds "10"]
[EventCountry "CAN"]

1. Nf3 Nf6 2. c4 e6 3. Nc3 d5 4. d4 c5 5. cxd5 cxd4 6. Qxd4 exd5 7. Bg5 Be7 8. e3 Nc6 9. Qd1 Be6 10. Be2 Qb6 11. Rb1 Rd8 12. Nd4 Nxd4 13. exd4 1/2-1/2

[Event "Western Canadian op"]
[Site "Richmond CAN"]
[Date "2004.07.15"]
[Round "7.4"]
[White "Henson, Joshua"]
[Black "Milicevic, Dragoljub"]
[Result "1-0"]
[WhiteElo "2207"]
[BlackElo "2182"]
[PlyCount "59"]
[GameId "2160767911095632"]
[EventDate "2004.07.09"]
[EventType "swiss"]
[EventRounds "10"]
[EventCountry "CAN"]

1. e4 d5 2. exd5 Nf6 3. d4 Nxd5 4. c4 Nb6 5. Nf3 g6 6. Nc3 Bg7 7. Be2 O-O 8. O-O Nc6 9. d5 Na5 10. c5 Bxc3 11. cxb6 Bg7 12. Bf4 c5 13. Bc7 Qd7 14. Qd2 Qa4 15. bxa7 Nc4 16. Bxc4 Qxc4 17. Bb8 Rd8 18. Rac1 Qb5 19. Rfd1 Bg4 20. Qd3 Bxf3 21. Qxf3 Bd4 22. b3 f6 23. d6 e6 24. a4 Qa6 25. Rxd4 cxd4 26. Qxf6 Rf8 27. Qxe6+ Kg7 28. Rc7+ Kh6 29. Qe7 Rf4 30. h4 1-0

[Event "Western Canadian op"]
[Site "Richmond CAN"]
[Date "2004.07.15"]
[Round "7.5"]
[White "Davies, Lucas"]
[Black "Haukenfrers, Dale"]
[Result "1-0"]
[WhiteElo "2130"]
[BlackElo "2160"]
[PlyCount "91"]
[GameId "2160767911095633"]
[EventDate "2004.07.09"]
[EventType "swiss"]
[EventRounds "10"]
[EventCountry "CAN"]

1. e4 g6 2. d4 Nf6 3. Nc3 d5 4. Bd3 Nc6 5. e5 Nh5 6. Nce2 Bg7 7. c3 f6 8. f4 fxe5 9. fxe5 O-O 10. Bg5 Bf5 11. h3 Qd7 12. Bxf5 Rxf5 13. Qd2 Raf8 14. Nf3 Nd8 15. O-O Ne6 16. Be3 Nef4 17. Nxf4 Nxf4 18. Nh4 Nxh3+ 19. gxh3 Rxf1+ 20. Rxf1 Rxf1+ 21. Kxf1 Qxh3+ 22. Ng2 h6 23. Kg1 g5 24. Qc2 e6 25. Qa4 Qg4 26. Qe8+ Kh7 27. Qe7 Qf5 28. Kh2 Qg6 29. Kg3 Qf5 30. Kh2 b6 31. Qxc7 g4 32. Qe7 Qf3 33. Qh4 b5 34. Bf4 Qe2 35. Be3 a5 36. b3 Qxa2 37. Qxg4 Qxb3 38. Qxe6 a4 39. Qf5+ Kh8 40. e6 Qxc3 41. Qf7 Bxd4 42. Bxd4+ Qxd4 43. Qf8+ Kh7 44. Qf5+ Kh8 45. e7 Qh4+ 46. Nxh4 1-0

[Event "Western Canadian op"]
[Site "Richmond CAN"]
[Date "2004.07.15"]
[Round "7.6"]
[White "Spears, Nicholas"]
[Black "Yoos, John"]
[Result "0-1"]
[WhiteElo "2186"]
[BlackElo "2449"]
[PlyCount "100"]
[GameId "2160767911095634"]
[EventDate "2004.07.09"]
[EventType "swiss"]
[EventRounds "10"]
[EventCountry "CAN"]

1. d4 Nf6 2. c4 Nc6 3. Nf3 e6 4. g3 Bb4+ 5. Bd2 Qe7 6. a3 Bxd2+ 7. Nbxd2 d6 8. Bg2 O-O 9. O-O a5 10. Qc2 a4 11. Rac1 Bd7 12. Rfd1 e5 13. dxe5 dxe5 14. Ne4 Bf5 15. Nxf6+ Qxf6 16. Qc3 Rfe8 17. Nd2 Nd4 18. Kf1 Bg4 19. Re1 Qh6 20. e3 Qxh2 21. exd4 exd4 22. Nf3 Qxg2+ 23. Kxg2 dxc3 24. Rxe8+ Rxe8 25. Rxc3 Bd7 26. Nd4 c5 27. Nb5 Re1 28. b3 g5 29. bxa4 Bc6+ 30. f3 Re2+ 31. Kf1 Rd2 32. Re3 Kg7 33. Re5 Kg6 34. f4 gxf4 35. gxf4 h5 36. Rxc5 h4 37. Nc3 h3 38. Rg5+ Kh6 39. Rg3 Bd7 40. Kg1 Kh5 41. Rg8 Bc6 42. Nd5 Kh4 43. Rh8+ Kg3 44. Rg8+ Kf3 45. Rh8 Bd7 46. a5 Bg4 47. Rg8 f5 48. Rg7 Rg2+ 49. Kh1 Rc2 50. Rxb7 Kg3 0-1

[Event "Western Canadian op"]
[Site "Richmond CAN"]
[Date "2004.07.15"]
[Round "7.7"]
[White "Oszvald, Joseph"]
[Black "Fuentebella, Mayo"]
[Result "0-1"]
[WhiteElo "2181"]
[BlackElo "2348"]
[PlyCount "42"]
[GameId "2160767911095635"]
[EventDate "2004.07.09"]
[EventType "swiss"]
[EventRounds "10"]
[EventCountry "CAN"]

1. c4 Nf6 2. Nc3 e6 3. e4 d5 4. e5 d4 5. exf6 dxc3 6. fxg7 cxd2+ 7. Bxd2 Bxg7 8. Qc2 c5 9. Bc3 e5 10. Rd1 Qe7 11. Be2 Nc6 12. Nf3 f5 13. O-O O-O 14. Ne1 Be6 15. b3 Nd4 16. Qb2 Rad8 17. Rd3 e4 18. Rd2 f4 19. Nc2 f3 20. Bd1 Qg5 21. g3 Qxd2 0-1

[Event "Western Canadian op"]
[Site "Richmond CAN"]
[Date "2004.07.15"]
[Round "7.8"]
[White "Ristovic, Nenad"]
[Black "Pechisker, Alfred"]
[Result "1-0"]
[WhiteElo "2339"]
[BlackElo "2144"]
[PlyCount "119"]
[GameId "2160767911095636"]
[EventDate "2004.07.09"]
[EventType "swiss"]
[EventRounds "10"]
[EventCountry "CAN"]

1. d4 c5 2. d5 e5 3. c4 d6 4. Nc3 Nf6 5. g3 Be7 6. Bg2 O-O 7. Nf3 Na6 8. O-O Nc7 9. Ne1 Rb8 10. a4 b6 11. e4 a6 12. Nd3 b5 13. axb5 axb5 14. cxb5 Nfe8 15. Bd2 Nxb5 16. Nxb5 Rxb5 17. Bc3 Qb6 18. Qa4 Bd7 19. Qa7 Qb7 20. Rfd1 f6 21. f4 Bd8 22. h3 Qc8 23. Kh2 Rf7 24. Qa6 Nc7 25. Qxc8 Bxc8 26. Bf1 Rb8 27. Ba5 Bd7 28. b4 cxb4 29. Nxb4 Nb5 30. Bxd8 Rxd8 31. Nc6 Bxc6 32. dxc6 Nc3 33. Re1 Rc7 34. Bc4+ Kf8 35. Re3 Nxe4 36. Rxe4 Rxc6 37. Bf1 Rb8 38. fxe5 fxe5 39. Re2 Rbc8 40. Raa2 Ke7 41. h4 R8c7 42. Bh3 Rc4 43. Kg2 Rd4 44. Ra3 g6 45. Kf3 h6 46. Ree3 Kf6 47. Re4 Rd2 48. Bf1 g5 49. h5 Rh2 50. Kg4 Rf2 51. Bc4 Rc5 52. Ba2 Rb5 53. Ra6 Rd2 54. Ra7 d5 55. Ra6+ Kg7 56. Rxe5 Rb4+ 57. Kf3 g4+ 58. Ke3 Rbb2 59. Bxd5 Re2+ 60. Kf4 1-0

[Event "Western Canadian op"]
[Site "Richmond CAN"]
[Date "2004.07.15"]
[Round "7.9"]
[White "Kraidman, Yair"]
[Black "North, Robert"]
[Result "1-0"]
[WhiteElo "2320"]
[BlackElo "2115"]
[PlyCount "51"]
[GameId "2160767911095637"]
[EventDate "2004.07.09"]
[EventType "swiss"]
[EventRounds "10"]
[EventCountry "CAN"]

1. d4 Nf6 2. c4 g6 3. Nc3 d5 4. Nf3 Bg7 5. Bf4 O-O 6. Rc1 dxc4 7. e4 Bg4 8. Bxc4 Bxf3 9. Qxf3 Nc6 10. d5 Nd4 11. Qd1 Nd7 12. Be3 c5 13. dxc6 Nxc6 14. O-O Rc8 15. Bd5 Nb6 16. Nb5 a6 17. Bxc6 Rxc6 18. Rxc6 bxc6 19. Qxd8 Rxd8 20. Na7 Nc8 21. Nxc8 Rxc8 22. b3 Bc3 23. Rc1 Bb4 24. Bc5 a5 25. Kf1 Kf8 26. Rc4 1-0

[Event "Western Canadian op"]
[Site "Richmond CAN"]
[Date "2004.07.15"]
[Round "7.10"]
[White "Lee, John"]
[Black "Meng, Fanhao"]
[Result "0-1"]
[WhiteElo "2038"]
[BlackElo "2284"]
[PlyCount "40"]
[GameId "2160767911095638"]
[EventDate "2004.07.09"]
[EventType "swiss"]
[EventRounds "10"]
[EventCountry "CAN"]

1. c4 g6 2. g3 Bg7 3. Bg2 d6 4. Nf3 e5 5. d3 f5 6. Nc3 Nf6 7. O-O Nc6 8. a3 O-O 9. e3 h6 10. Nh4 g5 11. Nf3 Be6 12. Ne1 Qd7 13. f4 gxf4 14. gxf4 exf4 15. exf4 d5 16. cxd5 Nxd5 17. Nxd5 Bxd5 18. Bxd5+ Qxd5 19. Qc2 Bd4+ 20. Rf2 Kh7 0-1